000 00587nam a2200217 a 4500
001 000013098
003 DO-SdBNP
005 20240411074019.0
007 ta
008 091120s1997 dr 000 f spa d
040 _aDO-SdBNP
_bspa
_cBNPHU
082 _axxx
_bS161e
100 1 _aSalazar, Manuel
_92454
245 1 0 _aEstructura y dinámica de la economía mundial /
_cManuel Salazar.
260 _aSanto Domingo :
_bMedibyte,
_c2012.
300 _a59 p. ;
_c22 cm.
590 _aInventariado, 2022 / DG
650 0 _aCuentos dominicanos
_9176
910 _aDG
942 _2ddc
_cLBS1
999 _c52066
_d52066